000 00708nam a22002177a 4500
003 UA-OsUOA
001 105136
007 ta
008 20140211b un ||||| |||| 00| 0 ukr d
100 _aПойда-Носик Н.Н.
090 _a330(477)
_bП47
942 _cSA
040 _aUA-OsUOA
_bukr
_cUA-OsUOA
_dUA-OsUOA
245 _aОсобливості функціонування та загрози фінансовій безпеці акціонерних товариств в Україні
300 _aС.84-100
955 _a0
041 _aukr
080 _a330(477)
773 0 _w105130
_tФінанси України
_dК.
_d2013
_g11
650 7 _a330 Економіка взагалі
_2UDC
999 _c391284
_d391284